[Event "Lublin Gerlecka Memorial 2nd"]
[Site "Lublin"]
[Date "2012.08.07"]
[Round "7.1"]
[White "Maka, Michal"]
[Black "Praszak, Michal"]
[Result "0-1"]
[WhiteElo "2017"]
[BlackElo "2156"]
[PlyCount "58"]
[EventDate "2012.08.07"]
[EventType "swiss"]
[EventRounds "9"]
[EventCountry "POL"]
[SourceTitle "EXT 2023"]
[Source "ChessBase"]
[SourceDate "2022.10.05"]
[SourceVersion "1"]
[SourceVersionDate "2022.10.05"]
[SourceQuality "1"]

1. Nf3 Nf6 2. g3 g6 3. Bg2 Bg7 4. 0-0 0-0 5. c4 d6 6. Nc3 Nc6 7. d3 e5 8. Bd2 h6 9. Ne1 Be6 10. Nd5 Nd7 11. Nc2 f5 12. Rb1 a5 13. f4 Kh7 14. e3 Bf7 15. Bc3 Ncb8 16. e4 c6 17. Nde3 fxe4 18. dxe4 Qe7 19. f5 g5 20. Qd2 Nf6 21. Bxa5 Rc8 22. Rfd1 Bf8 23. b4 Nbd7 24. b5 Nc5 25. Bb4 Rxa2 26. bxc6 bxc6 27. Ba3 Qa7 28. Bxc5 Qxc5 29. Rb3 Qa7 0-1

[Event "Lublin Gerlecka Memorial 2nd"]
[Site "Lublin"]
[Date "2012.08.07"]
[Round "9.4"]
[White "Maka, Michal"]
[Black "Wojcieszyn, Zdzislaw"]
[Result "1-0"]
[WhiteElo "2017"]
[BlackElo "1958"]
[PlyCount "41"]
[EventDate "2012.08.07"]
[EventType "swiss"]
[EventRounds "9"]
[EventCountry "POL"]
[SourceTitle "EXT 2023"]
[Source "ChessBase"]
[SourceDate "2022.10.05"]
[SourceVersion "1"]
[SourceVersionDate "2022.10.05"]
[SourceQuality "1"]

1. Nf3 c5 2. c4 Nc6 3. d4 cxd4 4. Nxd4 Nf6 5. Nc3 e6 6. g3 Bb4 7. Qd3 Ne5 8. Qc2 Nxc4 9. e4 d5 10. Bxc4 dxc4 11. Qa4+ Qd7 12. Qxb4 Qxd4 13. Be3 Qd3 14. Rd1 a5 15. Qb5+ Bd7 16. Qxb7 0-0 17. Rxd3 cxd3 18. e5 Rab8 19. Qc7 Rfc8 20. Qxa5 Bc6 21. 0-0 1-0

[Event "Lublin op 4th"]
[Site "Lublin"]
[Date "2012.??.??"]
[Round "1"]
[White "Bednarczyk, Sylwester"]
[Black "Maka, Michal"]
[Result "0-1"]
[WhiteElo "1494"]
[BlackElo "2036"]
[PlyCount "60"]
[EventDate "2012.06.04"]
[EventType "swiss"]
[EventRounds "9"]
[EventCountry "POL"]
[SourceTitle "EXT 2014"]
[Source "ChessBase"]
[SourceDate "2013.11.20"]
[SourceVersion "1"]
[SourceVersionDate "2013.11.20"]
[SourceQuality "1"]

1. e4 e5 2. Nf3 Nc6 3. Bb5 g6 4. d3 Bg7 5. Nc3 Nge7 6. Bg5 h6 7. Bh4 g5 8. Bg3 a6 9. Ba4 d6 10. Nd5 b5 11. Bb3 Na5 12. Ne3 Nxb3 13. axb3 f5 14. exf5 Nxf5 15. Nd2 0-0 16. 0-0 Nd4 17. c3 Ne6 18. Nd5 Bb7 19. Nb4 Qe8 20. Ne4 d5 21. Nd2 Qg6 22. Qe2 c5 23. Nc2 Rae8 24. f3 c4 25. bxc4 bxc4 26. Nb4 Nf4 27. Bxf4 exf4 28. Qf2 cxd3 29. Qa7 Rf7 30. Nxa6 Ra8 0-1

[Event "Lublin op 4th"]
[Site "Lublin"]
[Date "2012.??.??"]
[Round "2"]
[White "Maka, Michal"]
[Black "Wroblewski, Mieczyslaw"]
[Result "1/2-1/2"]
[WhiteElo "2036"]
[BlackElo "1821"]
[PlyCount "32"]
[EventDate "2012.06.04"]
[EventType "swiss"]
[EventRounds "9"]
[EventCountry "POL"]
[SourceTitle "EXT 2014"]
[Source "ChessBase"]
[SourceDate "2013.11.20"]
[SourceVersion "1"]
[SourceVersionDate "2013.11.20"]
[SourceQuality "1"]

1. Nf3 Nf6 2. b3 b6 3. Bb2 e6 4. g3 d5 5. Bg2 c5 6. d4 Bb7 7. Nbd2 Nbd7 8. 0-0 Bd6 9. c4 0-0 10. cxd5 exd5 11. Ne1 Re8 12. Nd3 Ba6 13. Re1 Rc8 14. Rc1 cxd4 15. Bxd4 Bxd3 16. exd3 Bb4 1/2-1/2

[Event "Lublin op 4th"]
[Site "Lublin"]
[Date "2012.??.??"]
[Round "9"]
[White "Polkowski, Piotr"]
[Black "Maka, Michal"]
[Result "1-0"]
[WhiteElo "2165"]
[BlackElo "2036"]
[PlyCount "67"]
[EventDate "2012.06.04"]
[EventType "swiss"]
[EventRounds "9"]
[EventCountry "POL"]
[SourceTitle "EXT 2014"]
[Source "ChessBase"]
[SourceDate "2013.11.20"]
[SourceVersion "1"]
[SourceVersionDate "2013.11.20"]
[SourceQuality "1"]

1. e4 c5 2. c3 g6 3. d4 cxd4 4. cxd4 Bg7 5. Nc3 d6 6. Be3 Nf6 7. Nf3 0-0 8. Be2 Nc6 9. d5 Ne5 10. Nxe5 dxe5 11. f3 Bd7 12. Qb3 b6 13. 0-0 Rc8 14. Ba6 Rc7 15. Rac1 Ne8 16. Nb5 Rxc1 17. Rxc1 Qb8 18. Qc4 Nd6 19. Nxd6 exd6 20. Qc7 Rd8 21. Qxb8 Rxb8 22. Rc7 Be8 23. Rxa7 Bf6 24. Rb7 Rxb7 25. Bxb7 Bd8 26. Ba6 f5 27. Kf1 Kg7 28. Ke2 Kf6 29. Kd3 Bd7 30. Kc4 f4 31. Bf2 g5 32. Bb7 Ke7 33. Bc6 Bc8 34. Kb5 1-0

[Event "Lublin Chmielewski Memorial"]
[Site "Lublin"]
[Date "2012.??.??"]
[Round "2"]
[White "Szczepaniak, Lukasz"]
[Black "Maka, Michal"]
[Result "1-0"]
[WhiteElo "1896"]
[BlackElo "2026"]
[PlyCount "96"]
[EventDate "2012.12.27"]
[EventType "swiss"]
[EventRounds "7"]
[EventCountry "POL"]
[SourceTitle "CBM 152 Extra"]
[Source "ChessBase"]
[SourceDate "2013.02.25"]
[SourceVersion "1"]
[SourceVersionDate "2013.02.25"]
[SourceQuality "1"]

1. e4 c5 2. Nf3 e6 3. c3 Nf6 4. e5 Nd5 5. d4 cxd4 6. cxd4 Nc6 7. Bc4 d6 8. 0-0 Be7 9. Nbd2 Qc7 10. exd6 Qxd6 11. Ne4 Qb4 12. Bb3 0-0 13. Bd2 Qb6 14. Nc3 Nxc3 15. bxc3 Bd7 16. Bf4 Bf6 17. Re1 Rfd8 18. Bg5 Bxg5 19. Nxg5 h6 20. Nxf7 Kxf7 21. d5 Ke7 22. dxc6 Qxc6 23. Qd4 Rf8 24. Re3 Rf6 25. Rae1 Raf8 26. f3 Qb6 27. Qxb6 axb6 28. Bd5 Ra8 29. R1e2 Ra7 30. Rb2 b5 31. Rb4 Kd6 32. Bb3 Bc6 33. h4 Ra8 34. Rg4 g6 35. Kf2 Bd5 36. Rb4 Kc5 37. Kg3 b6 38. Re2 Ra6 39. Rd2 g5 40. Rbd4 gxh4+ 41. Rxh4 Ra3 42. Rh5 Rg6+ 43. Kf2 Kc6 44. g4 Rf6 45. f4 Ra8 46. Ke3 Rg8 47. Bxd5+ exd5 48. f5 Ra8 1-0

[Event "Lublin op"]
[Site "Lublin"]
[Date "2009.06.10"]
[Round "4"]
[White "Miturova, Magdalena"]
[Black "Maka, Michal"]
[Result "0-1"]
[WhiteElo "1983"]
[BlackElo "2052"]
[PlyCount "151"]
[EventDate "2009.06.08"]
[EventType "swiss"]
[EventRounds "9"]
[EventCountry "POL"]
[SourceTitle "CBM 130 Extra"]
[Source "ChessBase"]
[SourceDate "2009.07.02"]
[SourceVersion "2"]
[SourceVersionDate "2009.07.15"]
[SourceQuality "1"]

1. e4 c5 2. Nf3 Nc6 3. d4 cxd4 4. Nxd4 e5 5. Nb5 d6 6. c4 a6 7. N5c3 Nf6 8. Bd3 Be7 9. 0-0 0-0 10. Na3 Be6 11. Nc2 Rc8 12. Nd5 Nd7 13. Nxe7+ Nxe7 14. Ne3 Nc5 15. b3 Qd7 16. Nd5 Bxd5 17. exd5 f5 18. f4 e4 19. Be2 Rf6 20. Bb2 Rh6 21. Qd4 Ng6 22. Rac1 a5 23. Rc3 Nf8 24. Kh1 Rc7 25. a3 Qe7 26. Rg3 Rg6 27. b4 axb4 28. axb4 Ncd7 29. c5 Nf6 30. Ba3 Ne8 31. Bc4 Qh4 32. Rxg6 Nxg6 33. g3 Qf6 34. Qxf6 Nxf6 35. c6 bxc6 36. dxc6+ d5 37. Bb5 Ne7 38. Rc1 Kf7 39. Bb2 Ng4 40. h3 Nf2+ 41. Kg2 e3 42. Bd4 Ne4 43. Bxe3 Nd6 44. Bd3 Rxc6 45. b5 Rxc1 46. Bxc1 Nc4 47. Kf3 Ke6 48. Be3 Nc8 49. g4 g6 50. gxf5+ gxf5 51. Bd4 N8d6 52. b6 Nb7 53. Kg3 Ncd6 54. Ba6 Na5 55. Kh4 Nc6 56. Bb2 d4 57. b7 Kd5 58. Kg5 Ke4 59. Ba3 Nf7+ 60. Kf6 Nfd8 61. Bd6 d3 62. b8Q Nxb8 63. Bxb8 d2 64. Be2 Nc6 65. Bc7 Nb4 66. Be5 Nd5+ 67. Kg5 Ne3 68. Kh6 Ng2 69. Kg5 Ne3 70. h4 d1Q 71. Bxd1 Nxd1 72. Kh6 Kf3 73. Kg5 Ne3 74. h5 Ke4 75. Kh6 Nd5 76. Kxh7 0-1

[Event "Lublin Bezirk-ch"]
[Site "Lublin"]
[Date "2007.03.04"]
[Round "9"]
[White "Maka, Michal"]
[Black "Stoma, Pawel"]
[Result "0-1"]
[WhiteElo "2059"]
[BlackElo "2272"]
[PlyCount "82"]
[EventDate "2007.02.23"]
[EventType "swiss"]
[EventRounds "9"]
[EventCountry "POL"]
[SourceTitle "EXT 2011"]
[Source "ChessBase"]
[SourceDate "2010.11.26"]
[SourceVersion "1"]
[SourceVersionDate "2010.11.26"]
[SourceQuality "1"]

1. Nf3 Nf6 2. c4 c6 3. g3 d5 4. b3 g6 5. Bb2 Bg7 6. Bg2 Qb6 7. cxd5 Ne4 8. d4 cxd5 9. 0-0 Nc6 10. Nc3 Nxc3 11. Bxc3 0-0 12. Ne5 Be6 13. Nxc6 Qxc6 14. Rc1 Qb6 15. Qd2 a5 16. Bb2 a4 17. b4 a3 18. Bc3 Qb5 19. Rfd1 Bd7 20. e3 e6 21. Bf1 Qa4 22. Rb1 Bb5 23. Bd3 Rfc8 24. Rdc1 Bf8 25. Bxb5 Qxb5 26. Rb3 Rc4 27. Rcb1 Rc6 28. Kg2 h5 29. h4 Bd6 30. f3 Kf8 31. e4 Kg7 32. e5 Be7 33. Kf2 Bd8 34. Qe3 Rc4 35. Qc1 Bb6 36. Qd2 Rac8 37. Ke3 Qc6 38. Kd3 Qa4 39. Ke3 Qa7 40. Qd3 Rxc3 41. Rxc3 Bxd4+ 0-1

[Event "Lublin Bezirk-ch"]
[Site "Lublin"]
[Date "2007.02.24"]
[Round "3"]
[White "Maka, Michal"]
[Black "Miroslaw, Michal"]
[Result "1/2-1/2"]
[WhiteElo "2059"]
[BlackElo "2249"]
[PlyCount "83"]
[EventDate "2007.02.23"]
[EventType "swiss"]
[EventRounds "9"]
[EventCountry "POL"]
[SourceTitle "EXT 2011"]
[Source "ChessBase"]
[SourceDate "2010.11.26"]
[SourceVersion "1"]
[SourceVersionDate "2010.11.26"]
[SourceQuality "1"]

1. c4 e5 2. Nc3 Nc6 3. g3 g6 4. Bg2 Bg7 5. d3 Nf6 6. Rb1 a5 7. a3 0-0 8. b4 axb4 9. axb4 d6 10. b5 Nd4 11. e3 Ne6 12. Nge2 Nd7 13. 0-0 f5 14. Bd2 f4 15. exf4 exf4 16. Bd5 Nb6 17. Nxf4 Nxd5 18. Ncxd5 Nxf4 19. Nxf4 Bf5 20. Qb3 c5 21. Rfe1 Qd7 22. Nd5 Be6 23. Bc3 Qf7 24. Qb2 Bxd5 25. Bxg7 Qxg7 26. cxd5 Rf3 27. Qxg7+ Kxg7 28. Re7+ Kh6 29. Rd7 Ra2 30. Rf1 Rb2 31. Rxd6 Rxb5 32. Rd7 Rb2 33. Rc7 Rxd3 34. Rxc5 b6 35. Rc7 Rxd5 36. Rfc1 b5 37. Rf7 Rf5 38. Rxf5 gxf5 39. Kg2 Kg5 40. h3 b4 41. Rc6 b3 42. Rb6 1/2-1/2

[Event "POL-ch U18"]
[Site "Wisla"]
[Date "2000.??.??"]
[Round "7"]
[White "Maka, Michal"]
[Black "Kopacz, Lukasz"]
[Result "0-1"]
[WhiteElo "2077"]
[BlackElo "2000"]
[PlyCount "64"]
[EventDate "2000.02.26"]
[EventType "swiss"]
[EventRounds "10"]
[EventCountry "POL"]
[SourceTitle "EXT 2005"]
[Source "ChessBase"]
[SourceDate "2004.11.15"]
[SourceVersion "1"]
[SourceVersionDate "2004.11.15"]
[SourceQuality "1"]

1. c4 e5 2. Nc3 Nc6 3. g3 g6 4. Bg2 Bg7 5. d3 d6 6. Rb1 a5 7. a3 f5 8. e3 Nf6 9. Nge2 0-0 10. 0-0 Ne7 11. e4 c6 12. d4 exd4 13. Nxd4 Nxe4 14. Nxe4 fxe4 15. Bxe4 d5 16. cxd5 Nxd5 17. Bg2 Qb6 18. Nc2 Bf5 19. Ra1 Rad8 20. Qe2 Qb3 21. Bxd5+ cxd5 22. Ne3 Bd3 23. Qd1 Qb5 24. a4 Qa6 25. Re1 Be4 26. Ng2 Qb6 27. Qe2 Bd4 28. Rf1 Qe6 29. Nf4 Rxf4 30. Be3 Bxe3 31. Qxe3 Rf3 32. Qg5 Rdf8 0-1

[Event "POL-ch U18"]
[Site "Wisla"]
[Date "2000.??.??"]
[Round "10"]
[White "Rozumek, Lukasz"]
[Black "Maka, Michal"]
[Result "1/2-1/2"]
[WhiteElo "2000"]
[BlackElo "2077"]
[PlyCount "28"]
[EventDate "2000.02.26"]
[EventType "swiss"]
[EventRounds "10"]
[EventCountry "POL"]
[SourceTitle "EXT 2005"]
[Source "ChessBase"]
[SourceDate "2004.11.15"]
[SourceVersion "1"]
[SourceVersionDate "2004.11.15"]
[SourceQuality "1"]

1. d4 d5 2. c4 e6 3. Nc3 Be7 4. Nf3 Nf6 5. Bg5 0-0 6. e3 Nbd7 7. Qc2 c5 8. Rd1 cxd4 9. Nxd4 dxc4 10. Bxc4 Qa5 11. Bh4 Nb6 12. Bd3 Qa4 13. Bg3 Bd7 14. 0-0 Rac8 1/2-1/2

[Event "POL-chT U19 30th"]
[Site "Straszecin"]
[Date "1999.??.??"]
[Round "?"]
[White "Adamowski, Jan"]
[Black "Maka, Michal"]
[Result "0-1"]
[WhiteElo "2079"]
[BlackElo "2032"]
[PlyCount "143"]
[EventDate "1999.07.21"]
[EventType "team-tourn"]
[EventRounds "11"]
[EventCountry "POL"]
[SourceTitle "EXT 2002"]
[Source "ChessBase"]
[SourceDate "2001.11.25"]
[SourceVersion "1"]
[SourceVersionDate "2001.11.25"]
[SourceQuality "1"]
[WhiteTeam "Krzeszowice Swit U19"]
[BlackTeam "Lublin Start U19"]
[WhiteTeamCountry "POL"]
[BlackTeamCountry "POL"]

1. g3 d5 2. Bg2 Nf6 3. Nf3 c6 4. b3 e6 5. Bb2 Bd6 6. 0-0 0-0 7. c4 Nbd7 8. d3 e5 9. Nc3 Re8 10. Nd2 Nb6 11. Qc2 Qe7 12. Rfe1 Be6 13. Rad1 Rac8 14. Nf1 h6 15. e4 dxc4 16. dxc4 Bc5 17. Ne3 Ng4 18. Nxg4 Bxg4 19. Rd3 Rcd8 20. Bf3 Rxd3 21. Qxd3 Qf6 22. Kg2 Rd8 23. Qxd8+ Qxd8 24. Bxg4 Qd3 25. Nd1 Bd4 26. Bxd4 exd4 27. e5 Qc2 28. e6 fxe6 29. Rxe6 Kf7 30. Re2 d3 31. Re3 a5 32. Rf3+ Ke8 33. Re3+ Kd8 34. Bf5 Qxa2 35. Rxd3+ Kc7 36. Nc3 Qb2 37. h4 g5 38. hxg5 hxg5 39. Ne4 Qe5 40. g4 a4 41. bxa4 Nxc4 42. Rd7+ Kb6 43. Nd2 Nxd2 44. Rxd2 Qf4 45. Rb2+ Kc7 46. Ra2 Qc4 47. Ra3 Qb4 48. Ra1 Qb2 49. Re1 Qb4 50. Re4 Qd2 51. Re7+ Kb8 52. Re4 Ka7 53. Kf1 Kb6 54. f3 Ka5 55. Be6 b6 56. Kg1 Qd6 57. Kg2 Ka6 58. Bc4+ Kb7 59. Be6 Kc7 60. Bf5 Qa3 61. Kf2 Qb2+ 62. Kg1 Kd6 63. Be6 b5 64. axb5 cxb5 65. Bf5 b4 66. Re1 Qd2 67. Rf1 Ke5 68. Rf2 Qe3 69. Kg2 Kf4 70. Be4 b3 71. Rf1 b2 72. Rf2 0-1

[Event "POL-ch U16"]
[Site "Krynica"]
[Date "1998.??.??"]
[Round "?"]
[White "Maka, Michal"]
[Black "Jakubowski, Krzysztof"]
[Result "1/2-1/2"]
[WhiteElo "2060"]
[BlackElo "2245"]
[PlyCount "51"]
[EventDate "1998.??.??"]
[EventType "swiss"]
[EventRounds "11"]
[EventCountry "POL"]
[SourceTitle "EXT 2002"]
[Source "ChessBase"]
[SourceDate "2001.11.25"]
[SourceVersion "1"]
[SourceVersionDate "2001.11.25"]
[SourceQuality "1"]

1. e4 e5 2. Nf3 Nc6 3. Bb5 a6 4. Ba4 Nf6 5. d3 b5 6. Bb3 Bc5 7. 0-0 0-0 8. a4 Bb7 9. Nc3 b4 10. Nd5 h6 11. a5 d6 12. Bd2 Rb8 13. c3 Nxd5 14. Bxd5 Ne7 15. Bc4 bxc3 16. bxc3 Kh8 17. Qe2 Qc8 18. Nh4 Qe8 19. Be3 Bxe3 20. fxe3 c6 21. d4 d5 22. Bd3 c5 23. dxe5 dxe4 24. Bxa6 Bxa6 25. Qxa6 Nf5 26. Rxf5 1/2-1/2

[Event "Krynica op-A"]
[Site "Krynica"]
[Date "1998.??.??"]
[Round "?"]
[White "Maka, Michal"]
[Black "Lada, Marek"]
[Result "0-1"]
[WhiteElo "2060"]
[BlackElo "2190"]
[PlyCount "74"]
[EventDate "1998.??.??"]
[EventType "swiss"]
[EventRounds "11"]
[EventCountry "POL"]
[SourceTitle "EXT 2002"]
[Source "ChessBase"]
[SourceDate "2001.11.25"]
[SourceVersion "1"]
[SourceVersionDate "2001.11.25"]
[SourceQuality "1"]

1. d4 Nf6 2. c4 g6 3. Nc3 Bg7 4. e4 d6 5. h3 0-0 6. Bg5 h6 7. Be3 e5 8. d5 Nbd7 9. Bd3 Nc5 10. Bc2 a5 11. Qd2 Kh7 12. Nge2 b6 13. g4 Ng8 14. Ng3 Bf6 15. 0-0-0 Kg7 16. Rdf1 Ba6 17. b3 a4 18. b4 Bxc4 19. bxc5 Bxf1 20. Rxf1 bxc5 21. Bxa4 Bg5 22. Bxg5 hxg5 23. Kd1 Qf6 24. Ke2 Rfb8 25. Qc2 Ne7 26. Bb5 Ra3 27. Rd1 Rxc3 28. Qxc3 Rxb5 29. a4 Rb8 30. Rd3 Nc8 31. Nf1 Rb4 32. a5 Rxe4+ 33. Ne3 Ra4 34. Rd2 e4 35. Qb3 Rxa5 36. Qb7 Ra1 37. Nd1 Nb6 0-1

[Event "Krynica op-A"]
[Site "Krynica"]
[Date "1998.??.??"]
[Round "?"]
[White "Pyda, Zbigniew"]
[Black "Maka, Michal"]
[Result "1-0"]
[WhiteElo "2315"]
[BlackElo "2060"]
[PlyCount "63"]
[EventDate "1998.??.??"]
[EventType "swiss"]
[EventRounds "11"]
[EventCountry "POL"]
[SourceTitle "EXT 2002"]
[Source "ChessBase"]
[SourceDate "2001.11.25"]
[SourceVersion "1"]
[SourceVersionDate "2001.11.25"]
[SourceQuality "1"]

1. d4 d5 2. c4 e6 3. Nf3 Nf6 4. Bg5 Be7 5. e3 0-0 6. Nc3 Nbd7 7. Rc1 dxc4 8. Bxc4 c5 9. 0-0 a6 10. dxc5 Nxc5 11. Ne5 Nfe4 12. Bxe7 Qxe7 13. Nxe4 Nxe4 14. Qc2 Nf6 15. Bb3 Re8 16. Rfd1 Nd5 17. a3 f6 18. Nf3 Rd8 19. e4 Nf4 20. Rxd8+ Qxd8 21. g3 Ng6 22. Qxc8 Rxc8 23. Bxe6+ Kf8 24. Rxc8 Ke7 25. Rxd8 Kxd8 26. Kf1 Kc7 27. Ke2 b5 28. Kd3 a5 29. Kd4 Kb6 30. Kd5 Ne7+ 31. Kd6 Ng6 32. Bf7 1-0

[Event "POL-ch U16"]
[Site "Krynica"]
[Date "1998.??.??"]
[Round "?"]
[White "Szulc, Michal"]
[Black "Maka, Michal"]
[Result "1-0"]
[WhiteElo "2165"]
[BlackElo "2060"]
[PlyCount "53"]
[EventDate "1998.??.??"]
[EventType "swiss"]
[EventRounds "11"]
[EventCountry "POL"]
[SourceTitle "EXT 2002"]
[Source "ChessBase"]
[SourceDate "2001.11.25"]
[SourceVersion "1"]
[SourceVersionDate "2001.11.25"]
[SourceQuality "1"]

1. c4 e6 2. Nf3 d5 3. b3 Nf6 4. Bb2 Bd6 5. g3 c6 6. Bg2 0-0 7. 0-0 Qe7 8. Nc3 b6 9. Qc2 Bb7 10. cxd5 Nxd5 11. Ne4 f6 12. Nxd6 Qxd6 13. d4 Qe7 14. a3 Nd7 15. e4 Nc7 16. Nd2 Rac8 17. b4 c5 18. Qa4 Ba6 19. Rfc1 Bb5 20. Qb3 cxd4 21. Bxd4 Kh8 22. Bh3 Qd6 23. Qb2 e5 24. Be3 Ne6 25. Nb3 Ng5 26. Bxg5 fxg5 27. Rd1 1-0

[Event "POL-ch U16"]
[Site "Krynica"]
[Date "1998.??.??"]
[Round "?"]
[White "Zgadzaj, Rafal"]
[Black "Maka, Michal"]
[Result "1-0"]
[WhiteElo "2025"]
[BlackElo "2060"]
[PlyCount "73"]
[EventDate "1998.??.??"]
[EventType "swiss"]
[EventRounds "11"]
[EventCountry "POL"]
[SourceTitle "EXT 2002"]
[Source "ChessBase"]
[SourceDate "2001.11.25"]
[SourceVersion "1"]
[SourceVersionDate "2001.11.25"]
[SourceQuality "1"]

1. c4 e6 2. Nf3 d5 3. b3 Nf6 4. Bb2 Bd6 5. g3 0-0 6. Bg2 c6 7. 0-0 Nbd7 8. d3 e5 9. e4 d4 10. Bh3 Nc5 11. Bxc8 Qxc8 12. Ne1 Qh3 13. Qe2 Ng4 14. f3 Ne3 15. Rf2 f5 16. exf5 Rxf5 17. Ng2 Ne6 18. Nd2 Rh5 19. Ne1 Ng5 20. Ne4 Nxe4 21. dxe4 Be7 22. Nd3 Rf8 23. Bc1 Bg5 24. Nxe5 Rf6 25. f4 Rfh6 26. fxg5 Rxg5 27. Rf3 Rxe5 28. Bxe3 dxe3 29. Raf1 Re8 30. Rxe3 Rhe6 31. e5 Qh6 32. Qf3 g6 33. Qf7+ Kh8 34. Rfe1 Qg5 35. Qxb7 Rxe5 36. Rxe5 Rxe5 37. Qb8+ 1-0